00251nam a2200109Ia 4500008004100000245003600041260002200077440000600099521001200105942000700117999001700124140130s9999 xx 000 0 und d cSnyder, InezaMilk to ice cream bScholastic,c2003 v1 aGrade 1 cBK c39987d39987